LDR 00696naa#a2200193#i#450# 001 EN\\bibl\124619 005 20260607022258.7 011 ## _a2073-1574 100 ## _a20260529b2026####ek#y0engy0150####ca 102 ## _aRU 200 1# _aDevelopment of a computer system for sea wave parameters and ship speed loss calculation _eJournal article 210 1# _aAstrakhan _cAstrakhan State Technical University _d2026 215 ## _a7 с. 608 ## _aJournal article _2local 675 ## _aПлавание в море (судовождение). 656.61.052 _z 700 #1 _aZheretintsev _gIlya Alekseevich 700 #1 _aGlushkov _gSergey Vitalievich 700 #1 _aZheretintseva _gNatalia Nikolaevna 856 4# _avestnik.astu.org _u